| 000 | 01068nam a2200313 i 4500 | ||
|---|---|---|---|
| 001 | bg | ||
| 003 | BPK | ||
| 005 | 20200428101155.0 | ||
| 008 | 970513s1992 pl a f f |000 0 pol | ||
| 015 | _aPB 1992/4363 | ||
| 020 | _a8301106360 | ||
| 040 |
_aWA N _cBPK |
||
| 080 | _a624.012.4 | ||
| 080 | _a624.04 | ||
| 080 | _a(075.8) | ||
| 100 | 1 |
_aGrabiec, Kalikst _d(1920-2002) _eAutor |
|
| 245 | 1 | 0 |
_aKonstrukcje betonowe : _bprzykłady obliczeń statycznych / _cKalikst Grabiec. |
| 250 | _aWyd.3 popr. i uzup. | ||
| 260 |
_aWarszawa ; Poznań : _bWydaw. Naukowe PWN, _c1992. |
||
| 300 |
_a586, [2] s., [2] k. tabl. : _brys., wykr., err. ; _c24 cm. |
||
| 504 | _aBibliogr. s. 585-586. | ||
| 521 | _aDla studentów wyższych szkół technicznych. | ||
| 655 | 4 | _aPodręczniki akademickie | |
| 650 | 4 | _aKonstrukcje betonowe | |
| 650 | 4 | _aStatyka budowlana | |
| 710 | 2 |
_aWydawnictwo Naukowe PWN _4pbl. |
|
| 942 |
_2UKD _cKS |
||
| 856 |
_uhttp://koha.tu.koszalin.pl/cgi-bin/koha/opac-detail.pl?biblionumber=4756 _yKatalog online BPK |
||
| 999 |
_c4756 _d4756 |
||